000 00615cab a2200241 4500
001 ABS60485
008 090401t1999 xxu||||| |||| 00| 0 eng d
035 _a(Sirsi) u92989
041 _aeng
100 _aBennett, J.
245 _aReturn to private life
260 _c1999
350 _a0
490 _aEstates Gazette
_v(9915) 17 April 1999, 120-121(2)
650 _aPRIVATE COMPANIES
650 _aPRIVATISATION
650 _aPROPERTY COMPANIES
650 _aPUBLIC COMPANIES
650 _aSTOCK MARKET
690 _aPROPERTY-PROPERTY FINANCE AND INVESTMENT
942 _n0
948 _c27/04/1999
999 _c58932
_d58932